| 000 | 00940nam a2200229 i 4500 | ||
|---|---|---|---|
| 001 | 179410 | ||
| 003 | ES-MaACL | ||
| 005 | 20250818030838.0 | ||
| 008 | 111118s2007 sp a |||| | spa d | ||
| 080 | _a75 Dyck, Antoon van | ||
| 100 | 1 |
_aDíaz Padrón, Matías, _d1934-2022 _944376 |
|
| 245 | 1 | 3 |
_aUn Van Dyck de España en la Corona de Inglaterra _b: adiciones y precisiones a "San Martín partiendo su capa" del Palacio de Windsor / _cMatías Díaz Padrón. |
| 260 |
_aValladolid : _bUniversidad de Valladolid, _c2007. |
||
| 300 |
_ap. [159]-175 : _bil. ; _c24 cm. |
||
| 504 | _aReferencias bibliográficas. | ||
| 595 | _aSeparata de: BSAA, Boletín del Seminario de Estudios de Arte, n. 72-73, (2006-2007) | ||
| 600 | 1 | 4 |
_aDyck, Antoon van, _d1599-1641 _946405 |
| 700 | 1 |
_aDyck, Antoon van, _d1599-1641 _946405 |
|
| 710 | 2 |
_aUniversidad de Valladolid. _97332 |
|
| 852 |
_aES-MaACL _j2290-F-6 |
||
| 999 |
_c179410 _d179410 |
||